Every NCAA Men's Soccer National Champ - Statistics

General Stats
  • This quiz has been taken 101 times
  • The average score is 36 of 66
Answer Stats
Year Team(s) % Correct
2002 UCLA
81%
1997 UCLA
81%
1990 UCLA
81%
1985 UCLA
81%
1986 Duke
78%
2024 Vermont
75%
1989 Santa Clara/Virginia
74%
2023 Clemson
72%
2021 Clemson
72%
1987 Clemson
72%
1984 Clemson
72%
2014 Virginia
72%
2009 Virginia
72%
1994 Virginia
72%
1993 Virginia
72%
1992 Virginia
72%
1991 Virginia
72%
2017 Stanford
71%
2016 Stanford
71%
2015 Stanford
71%
1968 Maryland/Michigan State
65%
2022 Syracuse
64%
2012 Indiana
61%
2004 Indiana
61%
2003 Indiana
61%
1999 Indiana
61%
1998 Indiana
61%
1988 Indiana
61%
1983 Indiana
61%
1982 Indiana
61%
2018 Maryland
61%
2008 Maryland
61%
2005 Maryland
61%
1967 St. Louis/Michigan State
60%
2011 North Carolina
56%
2001 North Carolina
56%
1973 St. Louis
56%
1972 St. Louis
56%
1970 St. Louis
56%
1969 St. Louis
56%
1965 St. Louis
56%
1963 St. Louis
56%
1962 St. Louis
56%
1960 St. Louis
56%
1959 St. Louis
56%
2000 UConn
54%
1981 UConn
54%
2013 Notre Dame
53%
2020 Marshall
50%
2007 Wake Forest
49%
2019 Georgetown
47%
1995 Wisconsin
42%
2010 Akron
39%
1996 St. John's
32%
1964 Navy
29%
1980 San Francisco
19%
1978 San Francisco
19%
1976 San Francisco
19%
1975 San Francisco
19%
1966 San Francisco
19%
2006 UC Santa Barbara
19%
1974 Howard
17%
1971 Howard
17%
1977 Hartwick
14%
1979 SIU Edwardsville
11%
1961 West Chester
10%
No matching quizzes found
Score Distribution
Percent of People with Each Score
Percentile by Number Answered
Your Score History
You have not taken this quiz